Rizal Province Municipalities and Cities - Philippines Quiz - Statistics

General Stats
  • This quiz has been taken 166 times
  • The average score is 9 of 14
Answer Stats
Answer % Correct
Antipolo City
95%
Taytay
88%
Tanay
80%
Cainta
79%
Angono
70%
Rodriguez
70%
Binangonan
65%
San Mateo
65%
Morong
63%
Baras
58%
Jala-Jala
55%
Cardona
52%
Teresa
52%
Pililia
44%
No matching quizzes found
Score Distribution
Percent of People with Each Score
Percentile by Number Answered
Your Score History
You have not taken this quiz